[Event "Canadian Open"]
[Site "?"]
[Date "2016.07.13"]
[Round "4"]
[White "Rowan, James"]
[Black "Tyler , Tanaka"]
[Result "1/2-1/2"]
[WhiteElo "1766"]
[BlackElo "1835"]
[PlyCount "91"]
[SourceDate "2016.07.13"]

1. e4 c5 2. c3 d5 3. exd5 Qxd5 4. d4 Nc6 5. Nf3 Bg4 6. dxc5 Bxf3 7. gxf3 Qxd1+
8. Kxd1 a5 9. Bb5 e6 10. b4 axb4 11. cxb4 O-O-O+ 12. Nd2 Nxb4 13. a3 Nd5 14.
Bb2 Ngf6 15. Rc1 Be7 16. Be5 Nc7 17. a4 Rd5 18. Bxc7 Kxc7 19. Ke2 Bxc5 20. Ne4
b6 21. Nxc5 Rxc5 22. Rxc5+ bxc5 23. a5 Rb8 24. Bc4 Rb4 25. Rc1 Ra4 26. a6 Nd5
27. Bxd5 exd5 28. Rxc5+ Kd6 29. Rc8 Rxa6 30. Rh8 h6 31. Rh7 f5 32. Rxg7 Ke5 33.
Re7+ Kf4 34. Rd7 Ra2+ 35. Ke1 Ra1+ 36. Ke2 Rh1 37. Rxd5 Rxh2 38. Rd8 Rh1 39.
Rg8 h5 40. Rg7 h4 41. Rg8 h3 42. Rg7 h2 43. Rh7 Kg5 44. Rh8 f4 45. Rh3 Kf5 46.
Rh5+ 1/2-1/2

[Event "Canadian Open"]
[Site "?"]
[Date "2016.07.14"]
[Round "5"]
[White "Li, Jack"]
[Black "Cashin, Sean"]
[Result "1/2-1/2"]
[WhiteElo "1546"]
[BlackElo "1837"]
[PlyCount "115"]
[SourceDate "2016.07.13"]

1. e4 e6 2. d4 d5 3. Nd2 Nf6 4. e5 Nfd7 5. Ndf3 c5 6. c3 Nc6 7. Bd3 Be7 8. Ne2
Qb6 9. O-O O-O 10. Bc2 Re8 11. Qd3 Nf8 12. b3 cxd4 13. cxd4 Nb4 14. Qd1 Nxc2
15. Qxc2 Bd7 16. Bg5 Rac8 17. Qd1 Bb5 18. Rc1 Rxc1 19. Bxc1 Qa6 20. Re1 Rc8 21.
Bd2 Bxe2 22. Rxe2 Qd3 23. Re3 Qc2 24. Qxc2 Rxc2 25. a4 Ng6 26. g3 Rc6 27. Rc3
Rxc3 28. Bxc3 Bd8 29. Kf1 Ne7 30. Ke2 Nc6 31. Kd3 Be7 32. Ne1 f6 33. f4 Kf7 34.
Ke3 a6 35. Nd3 h5 36. b4 g5 37. Nc5 fxe5 38. fxe5 Bxc5 39. bxc5 Kg6 40. h3 Kf5
41. a5 Na7 42. Bd2 Nb5 43. Kd3 Na3 44. Bb4 Nb5 45. Bd2 Na7 46. Ke3 g4 47. h4
Nc6 48. Bc3 Ne7 49. Kd3 Kg6 50. Bd2 Kf5 51. Ke3 Nc6 52. Bc3 Na7 53. Bb2 Nb5 54.
Kd3 Na7 55. Ke3 Nc6 56. Bc3 Nd8 57. Kd3 Nc6 58. Ke3 1/2-1/2

[Event "Canadian Open"]
[Site "?"]
[Date "2016.07.10"]
[Round "1"]
[White "Selling, Edward"]
[Black "Cashin, Ken"]
[Result "0-1"]
[WhiteElo "1708"]
[BlackElo "1837"]
[PlyCount "94"]
[SourceDate "2016.07.13"]

1. d4 Nf6 2. Nf3 e6 3. Bf4 c5 4. e3 b6 5. Nbd2 Bb7 6. c3 cxd4 7. exd4 Be7 8. h3
O-O 9. Bd3 d6 10. Qe2 Nbd7 11. O-O Re8 12. Ne4 Bxe4 13. Bxe4 Nxe4 14. Qxe4 Nf6
15. Qe2 Qd7 16. Rfe1 Bf8 17. Rad1 g6 18. Qd2 Bg7 19. Bh6 Qc6 20. Bxg7 Kxg7 21.
Qc2 Rac8 22. Rc1 b5 23. a3 Rc7 24. Ng5 h6 25. Ne4 Nxe4 26. Qxe4 Qxe4 27. Rxe4
Rec8 28. Rce1 a5 29. R4e3 Rc4 30. Kf1 b4 31. axb4 axb4 32. Rc1 Rxd4 33. Ke2
bxc3 34. Rcxc3 Rxc3 35. Rxc3 Rb4 36. b3 d5 37. Kd2 d4 38. Rf3 e5 39. Kc2 f5 40.
g4 Kf6 41. gxf5 gxf5 42. h4 e4 43. Rh3 f4 44. Kb2 Ke5 45. Kc2 e3 46. fxe3 dxe3
47. Kc3 Re4 0-1

[Event "Canadian Open"]
[Site "?"]
[Date "2016.07.11"]
[Round "2"]
[White "Koltai, Daniel"]
[Black "Zhang, Zhehai"]
[Result "0-1"]
[WhiteElo "1781"]
[BlackElo "1837"]
[PlyCount "144"]
[SourceDate "2016.07.13"]

1. e4 c5 2. Nf3 e6 3. g3 Nc6 4. Bg2 Qc7 5. O-O Nf6 6. Re1 d6 7. c3 Be7 8. d4 d5
9. exd5 Nxd5 10. dxc5 O-O 11. b4 Bf6 12. b5 Nce7 13. Qb3 Qxc5 14. Ba3 Qc7 15.
Bb2 Bd7 16. Nbd2 Nxc3 17. Rac1 Ned5 18. Ne4 Rfc8 19. Nxc3 Bxc3 20. Red1 Qa5 21.
Rxd5 Bxb2 22. Rxc8+ Bxc8 23. Qa4 Qb6 24. Rd2 Bf6 25. Qd1 h6 26. a4 a6 27. Rd6
Qc5 28. b6 Be7 29. Rd8+ Bxd8 30. Qxd8+ Qf8 31. Qc7 Qe8 32. Ne5 f6 33. Nc4 Qd7
34. Nd6 Kf8 35. Qc5 Qe7 36. a5 Rb8 37. Bf3 Kg8 38. Bg2 Qf8 39. Qc7 Ra8 40. Bf3
Kh8 41. Bh5 e5 42. Nf7+ Kh7 43. Qc2+ f5 44. Nxe5 Be6 45. Bg6+ Kg8 46. g4 Rc8
47. Qd3 Qc5 48. gxf5 Qxe5 49. fxe6 Qxe6 50. Bh7+ Kh8 51. Bf5 Rc1+ 52. Kg2 Qc6+
53. Be4 Qc8 54. Bf5 Qe8 55. Be4 Qe7 56. Qf3 Rc5 57. Bxb7 Rxa5 58. Be4 Ra3 59.
Qf4 Qg5+ 60. Qxg5 hxg5 61. Bd5 Ra1 62. b7 Rb1 63. Kg3 a5 64. Kg4 a4 65. Kxg5 a3
66. Kg4 Rxb7 67. f4 Rb2 68. h4 a2 69. Bxa2 Rxa2 70. Kg5 Rg2+ 71. Kh5 Kh7 72. f5
Rg1 0-1

[Event "Canadian Open"]
[Site "?"]
[Date "2016.07.12"]
[Round "3"]
[White "Zhou, Aiden"]
[Black "Cashin, Ken"]
[Result "1-0"]
[WhiteElo "1847"]
[BlackElo "1837"]
[PlyCount "53"]
[SourceDate "2016.07.13"]

1. d4 Nf6 2. Bg5 c5 3. Bxf6 gxf6 4. d5 Qb6 5. Qc1 d6 6. Nf3 Na6 7. Nbd2 Bg7 8.
c3 O-O 9. e3 Bf5 10. Be2 Rfe8 11. e4 Bg4 12. Nc4 Qc7 13. Qf4 Bh5 14. g4 Bg6 15.
h4 e6 16. Qe3 h5 17. Nh2 hxg4 18. Nxg4 f5 19. exf5 Bxf5 20. Nh6+ Bxh6 21. Qxh6
Qe7 22. Rg1+ Bg6 23. h5 Qh4 24. Nxd6 Qh2 25. Rxg6+ fxg6 26. Qxg6+ Kh8 27. Nf7#
1-0

[Event "Canadian Open"]
[Site "?"]
[Date "2016.07.12"]
[Round "3"]
[White "Doknjas, Neil"]
[Black "Zhang, Zhehai"]
[Result "1-0"]
[WhiteElo "1879"]
[BlackElo "1837"]
[PlyCount "49"]
[SourceDate "2016.07.13"]

1. e4 c5 2. Nf3 e6 3. Nc3 Nc6 4. d4 cxd4 5. Nxd4 Qc7 6. Ndb5 Qb8 7. Be3 a6 8.
Bb6 axb5 9. Nxb5 Qe5 10. Nc7+ Ke7 11. Nxa8 Qxe4+ 12. Be2 Nf6 13. O-O Qb4 14.
Bc7 Ne8 15. a3 Qc5 16. b4 Qc3 17. Nb6 Na7 18. Bb8 Nc6 19. Nxc8+ Kd8 20. Nd6
Nxb8 21. Nxf7+ Ke7 22. Nxh8 g6 23. Nxg6+ hxg6 24. Qd3 Qf6 25. Qf3 1-0

[Event "Canadian Open"]
[Site "?"]
[Date "2016.07.10"]
[Round "1"]
[White "Zhao, Zhong"]
[Black "Thanabalachandran, Kajan"]
[Result "1-0"]
[WhiteElo "1732"]
[BlackElo "1846"]
[PlyCount "108"]
[SourceDate "2016.07.13"]

1. d4 Nf6 2. Bg5 e6 3. e4 h6 4. Bxf6 Qxf6 5. Nc3 Bb4 6. Qd2 O-O 7. Nf3 d6 8. a3
Ba5 9. O-O-O c6 10. h4 Rd8 11. Qe3 e5 12. dxe5 dxe5 13. Rxd8+ Bxd8 14. Bc4 Bg4
15. Nd2 Nd7 16. f3 Be6 17. g4 Nf8 18. Ne2 Ba5 19. g5 Qg6 20. Bxe6 Bxd2+ 21.
Qxd2 Nxe6 22. gxh6 Qxh6 23. h5 Qxd2+ 24. Kxd2 Rd8+ 25. Ke3 c5 26. h6 gxh6 27.
Rxh6 Kg7 28. Rh2 Rh8 29. Rxh8 Kxh8 30. f4 f6 31. f5 Nd4 32. Nxd4 cxd4+ 33. Kd3
b5 34. a4 bxa4 35. c3 dxc3 36. Kxc3 Kg7 37. Kc4 Kh6 38. Kd5 Kg5 39. Ke6 a5 40.
Kf7 Kf4 41. Kxf6 Kxe4 42. Kg6 Kd3 43. f6 Kc2 44. f7 Kxb2 45. f8=Q a3 46. Qb8+
Ka2 47. Kf5 Ka1 48. Qxe5+ Kb1 49. Qb5+ Kc2 50. Qxa5 Kb2 51. Qb4+ Ka2 52. Ke4
Ka1 53. Qxa3+ Kb1 54. Qc3 Ka2 1-0

[Event "Canadian Open"]
[Site "?"]
[Date "2016.07.14"]
[Round "5"]
[White "Einarsson, Ken"]
[Black "Thanabalachandran, Kajan"]
[Result "1/2-1/2"]
[WhiteElo "1780"]
[BlackElo "1846"]
[PlyCount "59"]
[SourceDate "2016.07.13"]

1. d4 Nf6 2. c4 e6 3. Nc3 Bb4 4. Bd2 O-O 5. e3 c6 6. Nf3 d5 7. cxd5 exd5 8. Bd3
Bg4 9. h3 Bh5 10. O-O Nbd7 11. Re1 Re8 12. Qb3 Bxc3 13. Bxc3 b6 14. Nd2 c5 15.
dxc5 Nxc5 16. Qc2 Nxd3 17. Qxd3 Ne4 18. Nxe4 dxe4 19. Qd4 f6 20. g4 Bf7 21. a3
Qc7 22. Rac1 Rad8 23. Qa4 Qd7 24. Qxd7 Rxd7 25. Red1 Red8 26. Rd4 Bg6 27. Rcd1
Rxd4 28. Rxd4 Rxd4 29. Bxd4 Kf7 30. Kh2 1/2-1/2

[Event "Canadian Open"]
[Site "?"]
[Date "2016.07.14"]
[Round "5"]
[White "Koltai, Daniel"]
[Black "Zhou, Aiden"]
[Result "*"]
[WhiteElo "1781"]
[BlackElo "1847"]
[PlyCount "121"]
[SourceDate "2016.07.13"]

1. e4 c5 2. Nf3 d6 3. d4 Nf6 4. Nc3 cxd4 5. Nxd4 Nc6 6. Be2 e5 7. Nb3 Be7 8.
O-O O-O 9. Bg5 a5 10. Nb5 Nxe4 11. Bxe7 Nxe7 12. Bf3 d5 13. Bxe4 dxe4 14. Qe2
Qb6 15. a4 Bf5 16. Nc3 Qb4 17. Rfe1 Ng6 18. Nxe4 Nf4 19. Qd2 Rfc8 20. Qxb4 axb4
21. Nd6 Rxc2 22. Nxf5 Rxb2 23. Nc1 f6 24. g3 Ne6 25. Re2 Rxe2 26. Nxe2 Nc5 27.
Rc1 Nxa4 28. Rc7 Rb8 29. Rxg7+ Kh8 30. Rg4 Nc3 31. Nxc3 bxc3 32. Rc4 Kg8 33.
Rxc3 b5 34. Rb3 b4 35. Ne3 Kf7 36. Nd5 Rb5 37. Nxb4 e4 38. Kf1 f5 39. Rb2 Kf6
40. Nd3 Rd5 41. Nf4 Rd1+ 42. Ke2 Rh1 43. h3 Rc1 44. Rd2 Rc7 45. Rd6+ Ke7 46.
Rd2 Kf7 47. Nd5 Rd7 48. Ne3 Rxd2+ 49. Kxd2 Ke6 50. Kc3 Ke5 51. Nc4+ Kd5 52.
Nb6+ Ke5 53. Nd7+ Kd6 54. Nf6 h6 55. Nxe4+ fxe4 56. Kd4 h5 57. Kxe4 h4 58. Kf5
hxg3 59. fxg3 Ke7 60. Kg6 Kf8 61. Kh7 *

[Event "Canadian Open"]
[Site "?"]
[Date "2016.07.11"]
[Round "2"]
[White "Glew, Richard"]
[Black "Zhou, Aiden"]
[Result "0-1"]
[WhiteElo "1806"]
[BlackElo "1847"]
[PlyCount "84"]
[SourceDate "2016.07.13"]

1. e4 c5 2. Nf3 d6 3. d4 Nf6 4. e5 dxe5 5. Nxe5 Qxd4 6. Qxd4 cxd4 7. Bc4 e6 8.
O-O Bc5 9. Nd2 Nbd7 10. Ndf3 Nxe5 11. Nxe5 O-O 12. Bg5 Ne4 13. Nd3 Bd6 14. Bc1
b6 15. Re1 Bb7 16. f3 Nf6 17. Bf4 Bxf4 18. Nxf4 g5 19. Nh3 h6 20. Rad1 Rfd8 21.
Nf2 Rac8 22. Bd3 Kg7 23. Re5 Nd7 24. Re2 e5 25. Bf5 f6 26. Ne4 Nc5 27. Bxc8
Bxc8 28. Nxc5 bxc5 29. Kf2 Bf5 30. b3 e4 31. g4 e3+ 32. Ke1 Bd7 33. c4 Re8 34.
Kf1 Bc6 35. Kg2 f5 36. h3 fxg4 37. hxg4 Rf8 38. Rf1 h5 39. gxh5 g4 40. Kg3
Rxf3+ 41. Rxf3 gxf3 42. Rh2 f2 0-1

[Event "Canadian Open"]
[Site "?"]
[Date "2016.07.14"]
[Round "5"]
[White "Li, Eric M."]
[Black "Finlay, Ian"]
[Result "0-1"]
[WhiteElo "1637"]
[BlackElo "1872"]
[PlyCount "114"]
[SourceDate "2016.07.13"]

1. d4 f5 2. Bf4 Nf6 3. Nf3 d6 4. e3 g6 5. Nbd2 Bg7 6. Bc4 e6 7. c3 Qe7 8. Qe2
Nc6 9. h3 Na5 10. Bd3 Nc6 11. Bc4 Bd7 12. Bh2 d5 13. Bd3 Rc8 14. Ne5 Nxe5 15.
Bxe5 O-O 16. g4 Ne4 17. Bxg7 Qxg7 18. gxf5 exf5 19. O-O-O c5 20. Nf3 cxd4 21.
exd4 Qh6+ 22. Kc2 Ba4+ 23. Kb1 Bxd1 24. Rxd1 Qxh3 25. Ne5 Rc7 26. f3 Nf6 27.
Bb5 a6 28. Ba4 b5 29. Bb3 Re8 30. Qd2 Kg7 31. Rg1 Qh6 32. Qc2 Qf4 33. Qg2 Rxe5
34. dxe5 Qxe5 35. Qf2 Re7 36. Bc2 Nh5 37. Qh4 Ng3 38. a3 f4 39. Rg2 Qf6 40. Qg4
a5 41. Qc8 Re1+ 42. Ka2 Qf7 43. Qc5 a4 44. Qxb5 d4+ 45. c4 Ne2 46. Qe5+ Kg8 47.
Qb8+ Qf8 48. Qxf8+ Kxf8 49. b4 d3 50. Bxa4 Nc1+ 51. Kb1 Nb3+ 52. Kb2 Re2+ 53.
Kxb3 Rxg2 54. Kc3 Ra2 55. Kb3 Rc2 56. Bd7 Ke7 57. Bh3 Rc1 0-1

[Event "Canadian Open"]
[Site "?"]
[Date "2016.07.10"]
[Round "1"]
[White "James, Rowan"]
[Black "Finlay, Ian"]
[Result "1/2-1/2"]
[WhiteElo "1766"]
[BlackElo "1872"]
[PlyCount "96"]
[SourceDate "2016.07.13"]

1. e4 e6 2. d4 c5 3. Nf3 cxd4 4. Nxd4 Nf6 5. Bd3 Qb6 6. Nf3 Bc5 7. O-O d5 8.
Nc3 dxe4 9. Nxe4 Nxe4 10. Bxe4 Nd7 11. a3 Nf6 12. Bd3 a5 13. Qe2 Bd7 14. c4 O-O
15. Bg5 Be7 16. Ne5 Ba4 17. Rab1 Rad8 18. Rfc1 Qc7 19. b4 axb4 20. axb4 Be8 21.
c5 Kh8 22. Bf4 Qc8 23. Bg5 Nd5 24. Bxe7 Nxe7 25. Qh5 f5 26. Qh4 Nd5 27. b5 Rf6
28. c6 b6 29. Qg5 Qc7 30. Qg3 f4 31. Qh3 Rh6 32. Ng6+ Bxg6 33. Qf3 Bxd3 34.
Qxd3 f3 35. g3 Qf7 36. Ra1 Qc7 37. Qxf3 Rf6 38. Qe4 Rdf8 39. f4 Rg6 40. f5 Nf6
41. Qxe6 Rxg3+ 42. hxg3 Qxg3+ 43. Kh1 Ng4 44. Ra2 Nf2+ 45. Rxf2 Qxf2 46. Re1
Qf3+ 47. Kg1 Qg3+ 48. Kh1 Qh3+ 1/2-1/2

[Event "Canadian Open"]
[Site "?"]
[Date "2016.07.12"]
[Round "3"]
[White "Matthews, Jeremy"]
[Black "Finlay, Ian"]
[Result "1/2-1/2"]
[WhiteElo "1777"]
[BlackElo "1872"]
[PlyCount "169"]
[SourceDate "2016.07.13"]

1. e4 Nf6 2. Nc3 e5 3. Nf3 d6 4. d4 Nbd7 5. dxe5 dxe5 6. Bc4 Be7 7. O-O c6 8.
Qe2 O-O 9. a3 Qc7 10. Be3 b5 11. Bb3 a5 12. Rfd1 Ba6 13. Qe1 Nc5 14. Nd2 Ng4
15. h3 Nxe3 16. Qxe3 Nxb3 17. Nxb3 Rad8 18. Nc5 Bc8 19. b4 Rxd1+ 20. Nxd1 Qa7
21. Nd3 Qxe3 22. Nxe3 axb4 23. axb4 f6 24. Ra7 Bd6 25. c4 bxc4 26. Nxc4 Bb8 27.
Ra8 Be6 28. Na5 Bd6 29. Rxf8+ Kxf8 30. Nxc6 Bc4 31. Nb2 Bb5 32. Na7 Be2 33. Nc6
Bb5 34. Na7 Be2 35. Nc6 Ke8 36. f3 Kd7 37. Kf2 Ba6 38. Na5 Bxb4 39. Nb3 Bb5 40.
Ke3 Bf1 41. Kf2 Ba6 42. Ke3 Kd6 43. Nd3 Bc3 44. Nd2 g6 45. Nb1 Bd4+ 46. Kd2 f5
47. Nc3 f4 48. Nd5 Bc4 49. N5b4 g5 50. Nc2 Bb6 51. Na3 Ba6 52. Nc2 Ba5+ 53. Ke2
Bc3 54. Na3 Kc6 55. Nb1 Ba5 56. Na3 Bb4 57. Nc2 Ba5 58. Na1 Kd6 59. Nc2 Ke6 60.
Na3 Kf6 61. Nb1 Kg6 62. Nd2 Kh5 63. Nb3 Bb4 64. Nbc1 Kh4 65. Kf2 Bd2 66. Kg1
Bxc1 67. Nxc1 Bc4 68. Kf2 h6 69. Ne2 Bxe2 70. Kxe2 Kg3 71. Kf1 h5 72. Kg1 Kh4
73. Kf1 g4 74. hxg4 hxg4 75. fxg4 Kxg4 76. Kf2 Kg5 77. Ke2 Kh4 78. Kf3 Kh5 79.
g3 fxg3 80. Kxg3 Kg5 81. Kf3 Kh4 82. Kf2 Kg4 83. Kg2 Kf4 84. Kf2 Kxe4 85. Ke2
1/2-1/2

[Event "Canadian Open"]
[Site "?"]
[Date "2016.07.11"]
[Round "2"]
[White "Piccinin, Mario"]
[Black "Doknjas, Neil"]
[Result "0-1"]
[WhiteElo "1809"]
[BlackElo "1879"]
[PlyCount "86"]
[SourceDate "2016.07.13"]

1. f4 d5 2. e3 g6 3. Be2 Bg7 4. Nf3 Nh6 5. O-O O-O 6. d3 Nf5 7. c3 c5 8. g4 Nd6
9. h3 Nc6 10. a4 Qb6 11. Qc2 d4 12. e4 c4 13. Kg2 dxc3 14. bxc3 Nb4 15. Qd1
cxd3 16. Bxd3 Be6 17. e5 Nxd3 18. exd6 Qxd6 19. Nd4 Bxd4 20. cxd4 Nxc1 21. Qxc1
Qxd4 22. Na3 Bd5+ 23. Kg3 Qd3+ 24. Kh2 Qe2+ 25. Kg3 Rac8 26. Qe1 Qd3+ 27. Kh2
Rc3 28. Qh4 Rxa3 29. Rac1 Qd2+ 30. Qf2 Ra2 31. Qxd2 Rxd2+ 32. Kg3 Rg2+ 33. Kh4
h6 34. Rfd1 Bc6 35. a5 f6 36. Re1 g5+ 37. Kh5 Kf7 38. Re3 Be8 39. Rxe7+ Kxe7+
40. Kxh6 Rh2 41. Rc7+ Kd6 42. Rxb7 Rxh3+ 43. Kg7 Rf7+ 0-1

[Event "Canadian Open"]
[Site "?"]
[Date "2016.07.13"]
[Round "4"]
[White "Zhou, Aiden"]
[Black "Doknjas, Neil"]
[Result "0-1"]
[WhiteElo "1847"]
[BlackElo "1879"]
[PlyCount "68"]
[SourceDate "2016.07.13"]

1. d4 d5 2. Bf4 Nf6 3. e3 e6 4. Bd3 Bd6 5. Bg3 c5 6. c3 Nc6 7. Nf3 O-O 8. O-O
b6 9. Nbd2 Bxg3 10. hxg3 Bb7 11. Qc2 Qc7 12. Rfe1 e5 13. dxe5 Nxe5 14. Nxe5
Qxe5 15. c4 Rad8 16. Nf3 Qh5 17. cxd5 Nxd5 18. a3 Nf6 19. e4 Ng4 20. Nh4 g5 21.
Nf3 Rd6 22. Kf1 Qh1+ 23. Ng1 Nh2+ 24. Ke2 Qxg2 25. Qc1 Bxe4 26. Qxg5+ Rg6 27.
Qf4 Bxd3+ 28. Kxd3 Qd5+ 29. Kc2 Rg4 30. Qf6 Rc4+ 31. Kb1 Ng4 32. Qe7 Nxf2 33.
Re5 Rc1+ 34. Kxc1 Qd1# 0-1

[Event "Canadian Open"]
[Site "?"]
[Date "2016.07.14"]
[Round "5"]
[White "Green, Jim"]
[Black "Doknjas, Neil"]
[Result "1-0"]
[WhiteElo "1888"]
[BlackElo "1879"]
[PlyCount "117"]
[SourceDate "2016.07.13"]

1. e4 c5 2. Nf3 d6 3. Bb5+ Bd7 4. Bxd7+ Qxd7 5. O-O Nf6 6. Qe2 Nc6 7. Rd1 Rc8
8. c3 e6 9. d4 cxd4 10. cxd4 d5 11. e5 Ne4 12. a3 Be7 13. Nbd2 Nxd2 14. Bxd2
O-O 15. Rac1 a6 16. b4 b5 17. Bf4 Na7 18. Rxc8 Rxc8 19. Qb2 Rc6 20. Rc1 Nc8 21.
Rxc6 Qxc6 22. Be3 Nb6 23. Qc1 Qb7 24. Qc3 Nc4 25. Bc1 Qc6 26. Bb2 Qb6 27. h3
Nxb2 28. Qxb2 a5 29. Qc3 axb4 30. axb4 Bd8 31. Qc5 g6 32. Ne1 Qb7 33. Nd3 Be7
34. Qc3 Kg7 35. Nc5 Qa7 36. Qd3 Bxc5 37. dxc5 Qa1+ 38. Qf1 Qxe5 39. Qxb5 Qe1+
40. Kh2 d4 41. c6 Qe4 42. Qc4 Qf4+ 43. Kg1 Qd6 44. c7 d3 45. c8=Q d2 46. Qc3+
e5 47. Qxd2 Qxd2 48. Qc5 Qb2 49. b5 Kf6 50. Qc6+ Kf5 51. b6 e4 52. b7 Qa1+ 53.
Kh2 Qe5+ 54. g3 Qb2 55. Qc8+ Kg5 56. h4+ Kh6 57. Qf8+ Kh5 58. Qxf7 Qb6 59. Kh3
1-0

[Event "Canadian Open"]
[Site "?"]
[Date "2016.07.13"]
[Round "4"]
[White "Du, Daniel"]
[Black "Su, Michael"]
[Result "1/2-1/2"]
[WhiteElo "1656"]
[BlackElo "1881"]
[PlyCount "89"]
[SourceDate "2016.07.13"]

1. e4 e6 2. d4 d5 3. e5 c5 4. c3 Nc6 5. Nf3 Qb6 6. a3 c4 7. Nbd2 Na5 8. Be2 Bd7
9. O-O Ne7 10. Qc2 Nc8 11. Rb1 Qc7 12. b4 cxb3 13. Nxb3 Ba4 14. Nfd2 Nc4 15.
Qa2 N8b6 16. Nxc4 Nxc4 17. Nd2 b5 18. Nxc4 bxc4 19. Qb2 Be7 20. Qb7 Qxb7 21.
Rxb7 Bd8 22. Rb4 Bc6 23. Bd2 Be7 24. Rb2 O-O 25. Rfb1 a6 26. Rb6 Rfc8 27. Bd1
Bd8 28. R6b2 Bc7 29. a4 Rab8 30. Rxb8 Rxb8 31. Rxb8+ Bxb8 32. Bc1 Bc7 33. Kf1
Ba5 34. Bb2 Bd8 35. Ba3 Ba5 36. Bb2 Be8 37. Ke1 Bd8 38. Ba3 Ba5 39. Kd2 Bd8 40.
f4 Ba5 41. Be7 Bd7 42. g4 g6 43. h4 Kg7 44. Bc2 Kh8 45. g5 1/2-1/2

[Event "Canadian Open"]
[Site "?"]
[Date "2016.07.12"]
[Round "3"]
[White "Einarsson, Ken"]
[Black "Su, Michael"]
[Result "0-1"]
[WhiteElo "1780"]
[BlackElo "1881"]
[PlyCount "52"]
[SourceDate "2016.07.13"]

1. d4 e6 2. c4 f5 3. Nc3 Nf6 4. Nf3 Bb4 5. Bd2 O-O 6. e3 b6 7. Be2 Bb7 8. O-O
d6 9. Qb3 Bxc3 10. Bxc3 Ne4 11. Rad1 Rf6 12. d5 Rh6 13. dxe6 Ng5 14. c5 Kh8 15.
Nd4 Nh3+ 16. Kh1 Nxf2+ 17. Kg1 Nxd1 18. e7 Qe8 19. Nxf5 Nxc3 20. Qxc3 Rg6 21.
Bf3 Bxf3 22. Rxf3 Nd7 23. cxd6 cxd6 24. Qc6 Ne5 25. Nxd6 Nxf3+ 26. Qxf3 Rxd6
0-1

[Event "Canadian Open"]
[Site "?"]
[Date "2016.07.12"]
[Round "3"]
[White "Tao, Rachel"]
[Black "Green, Jim"]
[Result "1/2-1/2"]
[WhiteElo "1747"]
[BlackElo "1888"]
[PlyCount "78"]
[SourceDate "2016.07.13"]

1. e4 e5 2. Bc4 Nf6 3. d3 Be7 4. Nf3 Nc6 5. O-O O-O 6. c3 d6 7. Bb3 b6 8. Nbd2
Bb7 9. Re1 Na5 10. Bc2 c5 11. Nf1 Qc7 12. Ng3 Rfe8 13. Nf5 Bf8 14. Bg5 Nd7 15.
N3h4 d5 16. Qg4 Kh8 17. Re3 Re6 18. Rg3 g6 19. Nh6 Nf6 20. Bxf6+ Rxf6 21. N4f5
Bxh6 22. Nxh6 Rf4 23. Qe2 dxe4 24. dxe4 Rd8 25. h3 Bc8 26. Ng4 Bxg4 27. Rxg4
Rxg4 28. hxg4 Kg7 29. Rd1 Rxd1+ 30. Qxd1 b5 31. Qd5 a6 32. Bd3 c4 33. Be2 Nb7
34. g3 g5 35. Kg2 Nd8 36. b3 cxb3 37. axb3 Ne6 38. c4 b4 39. Bd3 a5 1/2-1/2

[Event "Canadian Open"]
[Site "?"]
[Date "2016.07.10"]
[Round "1"]
[White "Matthews, Jeremy"]
[Black "Green, Jim"]
[Result "1/2-1/2"]
[WhiteElo "1777"]
[BlackElo "1888"]
[PlyCount "105"]
[SourceDate "2016.07.13"]

1. e4 e5 2. Nf3 Nf6 3. Nc3 Nc6 4. Bb5 d6 5. d4 exd4 6. Nxd4 Bd7 7. Nxc6 bxc6 8.
Bc4 Be7 9. O-O O-O 10. f4 Be6 11. Bd3 Bc8 12. h3 Re8 13. e5 dxe5 14. fxe5 Qd4+
15. Kh1 Qxe5 16. Qf3 Be6 17. Bf4 Qc5 18. Ne4 Nxe4 19. Bxe4 Bd5 20. Be3 Qc4 21.
Bxd5 Qxd5 22. Qf2 a6 23. Rad1 Qe6 24. Bd4 Bd6 25. Qf3 c5 26. Rde1 Qd7 27. Bc3
Rad8 28. Rd1 Qe6 29. Rd5 Bf8 30. Rf5 Re7 31. Qg3 Qe2 32. Re1 Rd1 33. Ref1 Qxf1+
34. Rxf1 Rxf1+ 35. Kh2 Rf5 36. Qd3 Rf2 37. Qxa6 Ree2 38. Qa8 Rxc2 39. a4 Rxg2+
40. Qxg2 Rxg2+ 41. Kxg2 c4 42. Bd4 Bb4 43. Kf3 f6 44. Ke4 Ba5 45. Bc3 Bb6 46.
Kd5 f5 47. a5 Ba7 48. Bd4 c6+ 49. Kxc4 Bb8 50. a6 Kf7 51. a7 Bxa7 52. Bxa7 g5
53. Kc5 1/2-1/2

[Event "Canadian Open"]
[Site "?"]
[Date "2016.07.13"]
[Round "4"]
[White "Cashin, Ken"]
[Black "Green, Jim"]
[Result "0-1"]
[WhiteElo "1837"]
[BlackElo "1888"]
[PlyCount "44"]
[SourceDate "2016.07.13"]

1. e4 e5 2. Nf3 Nf6 3. Nxe5 d6 4. Nf3 Nxe4 5. Nc3 Nxc3 6. dxc3 Be7 7. Be3 Nc6
8. Qd2 O-O 9. O-O-O Ne5 10. Be2 Ng4 11. Bd4 c5 12. h3 Nf6 13. Bxf6 Bxf6 14.
Qxd6 Qa5 15. Bc4 Rd8 16. Qf4 h6 17. Rxd8+ Qxd8 18. Rd1 Qe8 19. Kb1 Be6 20. a3
Qa4 21. b3 Qxa3 22. Bxe6 Bxc3 0-1

[Event "Canadian Open"]
[Site "?"]
[Date "2016.07.14"]
[Round "5"]
[White "Plotkin, Victor"]
[Black "Virkud, Apurva"]
[Result "1/2-1/2"]
[WhiteElo "2309"]
[BlackElo "1913"]
[PlyCount "100"]
[SourceDate "2016.07.13"]

1. e4 c5 2. c3 Nf6 3. e5 Nd5 4. d4 cxd4 5. Nf3 Nc6 6. Bc4 Nb6 7. Bb3 d5 8. exd6
Qxd6 9. O-O Be6 10. Bxe6 Qxe6 11. Nxd4 Nxd4 12. Qxd4 Rd8 13. Qe3 Qxe3 14. Bxe3
e6 15. Nd2 Be7 16. Bxb6 axb6 17. Rfd1 O-O 18. Kf1 g6 19. a4 Rc8 20. Nf3 Rc7 21.
Rd4 Bc5 22. Rd3 Ra8 23. c4 Re8 24. Rad1 Ree7 25. Ne5 f6 26. Nd7 Kg7 27. Nxc5
bxc5 28. Rd6 Kf7 29. Ke2 f5 30. R1d3 e5 31. g3 Re6 32. R6d5 Kf6 33. a5 Ra6 34.
Rd6+ Rxd6 35. Rxd6+ Ke7 36. Rb6 Rd7 37. f3 Kf7 38. h4 Ke7 39. Ke3 Kd8 40. Rb5
Rc7 41. g4 Kc8 42. gxf5 gxf5 43. h5 Rc6 44. b4 cxb4 45. Rxe5 Rxc4 46. Rxf5 b3
47. Rb5 Rc3+ 48. Ke4 Rc4+ 49. Kf5 Kc7 50. Kg5 Kc6 1/2-1/2

[Event "Canadian Open"]
[Site "?"]
[Date "2016.07.12"]
[Round "3"]
[White "Tanaka, Tyler"]
[Black "Shah, Omar"]
[Result "1/2-1/2"]
[WhiteElo "1824"]
[BlackElo "1927"]
[PlyCount "150"]
[SourceDate "2016.07.13"]

1. e4 c5 2. Nf3 d6 3. d4 cxd4 4. Nxd4 Nf6 5. Nc3 a6 6. Bg5 e6 7. f4 Be7 8. Be2
Qc7 9. O-O O-O 10. Kh1 h6 11. Bh4 Nxe4 12. Nxe4 Bxh4 13. f5 d5 14. Nc3 Nc6 15.
Bg4 Nxd4 16. Qxd4 Bf6 17. Qd3 Bd7 18. fxe6 fxe6 19. Qh3 Bxc3 20. Bxe6+ Bxe6 21.
Qxe6+ Kh8 22. bxc3 Qxc3 23. Qxd5 Rf2 24. Rg1 Raf8 25. Rac1 b5 26. Qe6 Qd2 27.
h3 Rxg2 28. Rxg2 Qxc1+ 29. Kh2 Qf4+ 30. Kh1 Qc7 31. Qe2 Qd7 32. Kh2 Qd6+ 33.
Kh1 Qa3 34. Qe6 Qc1+ 35. Kh2 Qf4+ 36. Kh1 Rf6 37. Qe8+ Kh7 38. Qd7 Rf7 39. Qd3+
Kg8 40. Qd8+ Kh7 41. Qd3+ Qf5 42. Qc3 Qf1+ 43. Kh2 Qf4+ 44. Kh1 Rd7 45. Qa1 Qe3
46. Kh2 b4 47. Qf1 Qe5+ 48. Kh1 a5 49. Qf3 Re7 50. Qd3+ Qe4 51. Qb3 Rd7 52. Qg3
Re7 53. Qb3 Qe3 54. Kh2 Qf4+ 55. Qg3 Qxg3+ 56. Kxg3 Re3+ 57. Kg4 Ra3 58. c4 Rc3
59. Rd2 Rxc4+ 60. Kg3 Rc3+ 61. Kg4 Ra3 62. h4 a4 63. Rd4 b3 64. axb3 axb3 65.
Rb4 Kg6 66. h5+ Kf6 67. Kf4 Ra6 68. Rxb3 Ra4+ 69. Kg3 Re4 70. Ra3 Kf5 71. Ra5+
Re5 72. Ra7 Kf6 73. Ra6+ Re6 74. Ra3 Rb6 75. Kg4 Rb4+ 1/2-1/2

[Event "Canadian Open"]
[Site "?"]
[Date "2016.07.13"]
[Round "4"]
[White "Zhang, Zhehai"]
[Black "Shah, Omaray M."]
[Result "0-1"]
[WhiteElo "1837"]
[BlackElo "1927"]
[PlyCount "56"]
[SourceDate "2016.07.13"]

1. e4 c5 2. Nf3 d6 3. d4 cxd4 4. Nxd4 Nf6 5. Nc3 a6 6. Be2 e6 7. O-O Be7 8. Be3
O-O 9. Kh1 Qc7 10. f3 Nc6 11. g4 Nd7 12. Qe1 Nde5 13. Nxc6 Nxc6 14. Qg3 b5 15.
h4 Bb7 16. h5 Rac8 17. Rac1 Ne5 18. g5 Nc4 19. Bxc4 Qxc4 20. g6 fxg6 21. hxg6
hxg6 22. Rcd1 b4 23. Rg1 bxc3 24. Qxg6 Rf7 25. Bh6 Bf8 26. Rxd6 Qe2 27. Qxe6
Qxf3+ 28. Kh2 Qh5+ 0-1

[Event "?"]
[Site "?"]
[Date "2016.07.14"]
[Round "5"]
[White "Tarjan, James E"]
[Black "Agbabishvili, Lali"]
[Result "1-0"]
[WhiteElo "2447"]
[BlackElo "2012"]
[Annotator "Doe,John"]
[PlyCount "73"]
[SourceDate "2016.07.13"]

1. e4 c5 2. Nf3 d6 3. d4 cxd4 4. Nxd4 Nf6 5. Nc3 a6 6. h3 e5 7. Nde2 Be7 8. g4
Be6 9. Bg2 b5 10. Be3 b4 11. Nd5 Nxd5 12. exd5 Bd7 13. Qd2 a5 14. Ng3 Qc8 15.
a3 Na6 16. O-O O-O 17. axb4 axb4 18. f4 Rb8 19. fxe5 dxe5 20. d6 Bd8 21. Nf5
Bc6 22. Bh6 Bxg2 23. Kxg2 Qb7+ 24. Kg3 gxh6 25. Qxh6 f6 26. Rxa6 Rf7 27. Rfa1
Bb6 28. Qd2 Rd7 29. R6a4 Bc5 30. Ra5 Bd4 31. c3 bxc3 32. bxc3 Bb6 33. R5a4 Kf7
34. Rb4 h5 35. Rab1 Qa7 36. Qd5+ Kg6 37. Rxb6 1-0